|
|
|
|
| LEADER |
00000naa0a2200000 4500 |
| 001 |
648126 |
| 005 |
20250630144556.0 |
| 035 |
|
|
|a (RuTPU)RU\TPU\network\13283
|
| 035 |
|
|
|a RU\TPU\network\13275
|
| 090 |
|
|
|a 648126
|
| 100 |
|
|
|a 20160511d2016 k y0rusy50 ca
|
| 101 |
0 |
|
|a rus
|
| 102 |
|
|
|a RU
|
| 135 |
|
|
|a drcn ---uucaa
|
| 181 |
|
0 |
|a i
|
| 182 |
|
0 |
|a b
|
| 200 |
1 |
|
|a Содержание редкоземельных и радиоактивных элементов в растениях сем. Рясковые(Lemnaceae) на территории Томской области
|f А. Ю. Максимова
|
| 203 |
|
|
|a Текст
|c электронный
|
| 225 |
1 |
|
|a Гидробиология и общая экология
|
| 300 |
|
|
|a Заглавие с экрана
|
| 463 |
|
1 |
|t Ломоносов-2016
|o материалы XXIII Международной молодежной научной конференции студентов, аспирантов и молодых ученых, 11-15 апреля, 2016 г., Москва
|f Московский государственный университет им. М. В. Ломоносова (МГУ)
|v [1 с.]
|d 2016
|
| 610 |
1 |
|
|a электронный ресурс
|
| 610 |
1 |
|
|a труды учёных ТПУ
|
| 610 |
1 |
|
|a редкоземельные элементы
|
| 610 |
1 |
|
|a радиоактивные элементы
|
| 610 |
1 |
|
|a Томская область
|
| 700 |
|
1 |
|a Максимова
|b А. Ю.
|g Анна Юрьевна
|
| 712 |
0 |
2 |
|a Национальный исследовательский Томский политехнический университет (ТПУ)
|c (2009- )
|3 (RuTPU)RU\TPU\col\15902
|
| 801 |
|
2 |
|a RU
|b 63413507
|c 20171019
|g RCR
|
| 850 |
|
|
|a 63413507
|
| 856 |
4 |
|
|u http://lomonosov-msu.ru/archive/Lomonosov_2016/data/8313/uid107495_a7051c5e2da340bf14d92d67c701068e7aa9218d.doc
|
| 942 |
|
|
|c CF
|